| 000 | 03464ngm a22006017a 4500 | ||
|---|---|---|---|
| 001 | 83548 | ||
| 005 | 20230410123857.0 | ||
| 007 | mr c|aaf|nara||ac|||||| | ||
| 008 | 081121s2007 xxu137 mlger | ||
| 010 | _a 2008639546 | ||
| 035 | _a(OCoLC)ocn276905200 | ||
| 040 |
_aDLC _eamim _cDLC |
||
| 017 |
_aPA0001370166 _bU.S. Copyright Office |
||
| 035 | _a(OCoLC)276905200 | ||
| 041 | 1 |
_ager _beng |
|
| 049 | _aGRAL | ||
| 050 | 1 | 4 | _aCM DVD 01211 |
| 245 | 0 | 4 |
_aThe lives of others / _ca Wiedemann & Berg Filmproduktion production, in association with BR, Arte, Creado Film ; directed, written by Florian Henckel von Donnersmarck ; produced by Quirin Berg, Max Wiedemann. |
| 250 | _a[English language subtitled version]. | ||
| 257 | _aGermany. | ||
| 260 |
_aUnited States : _bSony Pictures Classics, _c2007. |
||
| 300 |
_a14 film reels of 14 on 7 (ca. 137 min., ca. 12,330 ft.) : _bsd., col. ; _c35 mm. _3viewing print. |
||
| 500 | _aCopyright Claimant: Wiedemann & Berg Film Produktion GmbH & Co. KG. Date of Creation: 2006; Date of Publication: 2006-12-01; Registration Number / Date: PA0001370166 / 2006-12-21. | ||
| 508 | _aCamera, Hagen Bogdanski ; editor, Patricia Rommel ; music, Gabriel Yared, Stephane Moucha. | ||
| 511 | 1 | _aMartina Gedeck, Ulrich Mèuhe, Sebastian Koch, Ulrich Tukur, Thomas Thieme, Hans-Uwe Bauer, Herbert Knaup, Volkmar Kleinert, Matthias Brenner, Charly Huebner. | |
| 546 | _aIn German with English subtitles. | ||
| 500 | _aOriginally released under title Das Leben der Anderen in 2006. | ||
| 520 | _aA 1984 East Berlin simple surveillance assignment: Capt. Gerd Wiesler, a Stasi officer and a specialist in surveillance, has been assigned to keep an eye on Georg Dreyman, a respected playwright, and his actress girlfriend, Christa-Maria Sieland. Though Dreyman is known to associate with blacklisted director Albert Jerska, a known dissident, Dreyman's record is spotless. Wiesler discovers that Minister Hempf has an ulterior motive in spying on this seemingly upright citizen. Wiesler's sympathies shift from the government to its people, or at least to this one particular person. | ||
| 500 | _aSummary from FirstSearch, OCLC 230958018, viewed Nov. 21, 2008. | ||
| 521 | 8 | _aMPAA rating: R. | |
| 500 | _aNot viewed. | ||
| 500 | _aSources used: copyright data sheet; copyright database; Variety Web site, review posted June 11, 2006, viewed Nov. 21, 2008; Internet movie database, viewed Nov. 21, 2008; FirstSearch, 230958018, viewed Nov. 21, 2008. | ||
| 541 | _3viewing print; | ||
| 650 | 0 |
_aSecret service _zGermany _vDrama. |
|
| 650 | 0 |
_aPolice patrol _zGermany _xSurveillance operations _vDrama. |
|
| 650 | 4 | _aCine Americano | |
| 655 | 7 |
_aThriller _vFeature. _2migfg |
|
| 700 | 1 |
_aHenckel von Donnersmarck, Florian, _d1973- _edirection, _ewriting. |
|
| 700 | 1 |
_aWiedemann, Max, _eproduction. |
|
| 700 | 1 |
_aBerg, Quirin, _eproduction. |
|
| 700 | 1 |
_aGedeck, Martina, _ecast. |
|
| 700 | 1 |
_aMèuhe, Ulrich, _d1953-2007, _ecast. |
|
| 700 | 1 |
_aKoch, Sebastian, _d1962- _ecast. |
|
| 700 | 1 |
_aTukur, Ulrich, _d1957- _ecast. |
|
| 710 | 2 | _aWiedemann & Berg Filmproduktion. | |
| 710 | 2 | _aBayerischer Rundfunk. | |
| 710 | 2 | _aArte (Firm) | |
| 710 | 2 | _aCreado Film. | |
| 710 | 2 |
_aCopyright Collection (Library of Congress) _5DLC |
|
| 730 | 0 | _aLeben der Anderen (Motion picture) | |
| 942 |
_2lcc _cdvd |
||
| 994 |
_aC0 _bDRFGD |
||
| 999 |
_c67620 _d67620 |
||